| 000 | 00428nam a22001697a 4500 | ||
|---|---|---|---|
| 003 | OSt | ||
| 008 | 241023b |||||||| |||| 00| 0 eng d | ||
| 020 | _a9788192300825 | ||
| 082 | _a746.4 BNR | ||
| 100 | _aB.N. Sales Corporation | ||
| 245 | _aRomantic paisley: Ethnic paisley designs | ||
| 250 | _a1st. ed. | ||
| 260 |
_aMumbai, _bB.N. Sales Corporation, _c2015, |
||
| 300 | _a108 p. | ||
| 650 | _aB.FAD. | ||
| 942 |
_2ddc _cREF |
||
| 999 |
_c12954 _d12954 |
||